Instructors resource guide to accompany human resource management (Record no. 2400)

MARC details
000 -LEADER
fixed length control field 00724nam a22001457a 4500
020 ## - INTERNATIONAL STANDARD BOOK NUMBER
ISBN 0471312576
050 ## - CALL NUMBER
Classification number HF5549.D396 DEC
100 ## - AUTHOR
Personal name David A. De Cenzo, Stephen P. Robbins
245 ## - TITLE
Title Instructors resource guide to accompany human resource management
Statement of responsibility, etc David A. De Cenzo, Stephen P. Robbins
260 ## - PUBLICATION INFORMATION
Place of publication Ney York
Name of publisher John Wiley & sons
Year of publication 1999
300 ## - DESCRIPTION
Number of Pages viii, 223p.
505 ## - FORMATTED CONTENTS NOTE
Table of Content 1. Fundamentals of human resource management<br/>2. Human resource management in a changing environment<br/>3. Understanding equal employment opportunity<br/>4. Motivating employees and designing jobs<br/>5. Employment planning and job analysis<br/>6. Recruiting and the foundations of selection
650 ## - SUBJECTS
Topical Term Human resource management
942 ## - ADDED ENTRY ELEMENTS (KOHA)
Koha item type Books
Holdings
Withdrawn status Lost status Collection code Home library Current library Shelving location Date acquired Full call number Accession Number Koha item type
    Reference Methodist University Library Main Methodist University Library Main General Stacks 14/02/2018 HF5549.D396 DEC 29460 Books
Copyright © 2026  MUG Library